[Event "Golubitskaya Rating"]
[Site "Golubitskaya"]
[Date "2008.07.08"]
[Round "?"]
[White "Birjukov, Sergey"]
[Black "Gurjev, Valery"]
[Result "1-0"]
[WhiteElo "2215"]
[BlackElo "2283"]
[PlyCount "73"]
[EventDate "2008.07.05"]
[EventType "tourn"]
[EventRounds "11"]
[EventCountry "RUS"]
[SourceTitle "EXT 2022"]
[Source "ChessBase"]
[SourceDate "2021.10.06"]
[SourceVersion "1"]
[SourceVersionDate "2021.10.06"]
[SourceQuality "1"]

1. d4 d5 2. Nf3 Nf6 3. c4 c6 4. Qc2 e6 5. g3 Bd6 6. Bg2 0-0 7. 0-0 b5 8. c5 Bc7 9. Bf4 Nbd7 10. Nbd2 Bxf4 11. gxf4 Nh5 12. e3 a5 13. Kh1 Qe7 14. Rg1 g6 15. Bf1 Kh8 16. Be2 Rg8 17. a3 Ra7 18. Ne1 Ng7 19. Ndf3 Nf5 20. Bd3 Ng7 21. Ne5 Nxe5 22. dxe5 Ba6 23. Nf3 Rga8 24. Nd4 Bb7 25. Rg3 Nf5 26. Bxf5 exf5 27. Rag1 Qd7 28. h4 Bc8 29. h5 Qe8 30. f3 Be6 31. Qh2 Kg8 32. Qh4 Rc8 33. Qf6 Qe7 34. hxg6 Qxf6 35. gxh7+ Kh8 36. exf6 Raa8 37. Nxc6 1-0